Modern operating systems / (Record no. 11469)
[ view plain ]
| 000 -LEADER | |
|---|---|
| fixed length control field | 00698nac a22002051u 4500 |
| 008 - FIXED-LENGTH DATA ELEMENTS--GENERAL INFORMATION | |
| fixed length control field | 090430t xxu||||| |||| 00| 0 eng d |
| 010 ## - LIBRARY OF CONGRESS CONTROL NUMBER | |
| LC control number | 00051666 |
| 020 ## - INTERNATIONAL STANDARD BOOK NUMBER | |
| International Standard Book Number | 0138134596 |
| 020 ## - INTERNATIONAL STANDARD BOOK NUMBER | |
| International Standard Book Number | 9780138134594 |
| 082 00 - DEWEY DECIMAL CLASSIFICATION NUMBER | |
| Classification number | 005.43 |
| Item number | TAN |
| Edition number | 22 |
| 100 ## - MAIN ENTRY--PERSONAL NAME | |
| Personal name | Tanenbaum, Andrew S., |
| 9 (RLIN) | 4482 |
| 245 10 - TITLE STATEMENT | |
| Title | Modern operating systems / |
| Statement of responsibility, etc | Andrew S. Tanenbaum. |
| 250 ## - EDITION STATEMENT | |
| Edition statement | 3rd ed. |
| Remainder of edition statement | Pearson International Edition. |
| 260 ## - PUBLICATION, DISTRIBUTION, ETC. (IMPRINT) | |
| Place of publication, distribution, etc | Upper Saddle River, N.J. : |
| Name of publisher, distributor, etc | Prentice Hall, |
| Date of publication, distribution, etc | c2009. |
| 300 ## - PHYSICAL DESCRIPTION | |
| Extent | xxvii, 1072 p. : |
| Other physical details | ill. ; |
| Dimensions | 25 cm. |
| 504 ## - BIBLIOGRAPHY, ETC. NOTE | |
| Bibliography, etc | Includes bibliographical references and index. |
| 650 #0 - SUBJECT ADDED ENTRY--TOPICAL TERM | |
| Topical term or geographic name as entry element | Operating systems (Computers) |
| 9 (RLIN) | 4483 |
| 653 ## - INDEX TERM--UNCONTROLLED | |
| Resource For college | |
| Arrived date list | September2013 |
| 942 ## - ADDED ENTRY ELEMENTS (KOHA) | |
| Item type | Book - Borrowing |
| Call number prefix | 005.43TAN |
| Source of classification or shelving scheme | Dewey Decimal Classification |
| Withdrawn status | Item status | Source of classification or shelving scheme | Damaged status | Not for loan | Vendor | Home library | Current library | Shelving location | Date acquired | Source of acquisition | Cost, normal purchase price | Serial Enumeration / chronology | Total Checkouts | Total Renewals | Full call number | Barcode | Date last seen | Date last borrowed | Koha item type | Checked out |
|---|---|---|---|---|---|---|---|---|---|---|---|---|---|---|---|---|---|---|---|---|
| Dewey Decimal Classification | Alahram | Central Library | Central Library | Lower Floor | 30/04/2009 | 225.00 | 378 | 3 | 9 | 005.43 TAN | 000016322 | 15/07/2025 | 21/02/2016 | Book - Borrowing | ||||||
| Dewey Decimal Classification | Baccah | Central Library | Central Library | Lower Floor | 25/09/2013 | 005.43 TAN | 000028939 | 15/07/2025 | NB - Book (Non borrowing) | |||||||||||
| Dewey Decimal Classification | Baccah | Central Library | Central Library | Lower Floor | 25/09/2013 | 2 | 1 | 005.43 TAN | 000028940 | 07/08/2019 | 07/08/2019 | Book - Borrowing | 28/11/2019 | |||||||
| Dewey Decimal Classification | Baccah | Central Library | Central Library | Lower Floor | 25/09/2013 | 005.43 TAN | 000028941 | 15/07/2025 | Book - Borrowing | |||||||||||
| Dewey Decimal Classification | Baccah | Central Library | Central Library | Lower Floor | 25/09/2013 | 1 | 005.43 TAN | 000028942 | 15/07/2025 | 17/08/2016 | Book - Borrowing | |||||||||
| Dewey Decimal Classification | Baccah | Central Library | Central Library | Lower Floor | 25/09/2013 | 005.43 TAN | 000028943 | 15/07/2025 | Book - Borrowing | |||||||||||
| Dewey Decimal Classification | Baccah | Central Library | Central Library | Lower Floor | 25/09/2013 | 1 | 005.43 TAN | 000028944 | 15/07/2025 | 18/08/2019 | Book - Borrowing |